Blasters' handbook : (Record no. 191329)
[ view plain ]
| 000 -LEADER | |
|---|---|
| fixed length control field | 00722cam3a220021700 4500 |
| 001 - CONTROL NUMBER | |
| control field | qce00155751 |
| 005 - DATE AND TIME OF LATEST TRANSACTION | |
| control field | 20190830111924.0 |
| 008 - FIXED-LENGTH DATA ELEMENTS--GENERAL INFORMATION | |
| fixed length control field | 780609s1969 deu 000 0 eng d |
| 035 ## - SYSTEM CONTROL NUMBER | |
| System control number | (Sirsi) r70515 |
| 035 ## - SYSTEM CONTROL NUMBER | |
| System control number | (QCAT)lss01989708 |
| 035 ## - SYSTEM CONTROL NUMBER | |
| System control number | (UPRA)qce00155751 |
| 040 ## - CATALOGING SOURCE | |
| Modifying agency | UPRA |
| 110 2# - MAIN ENTRY--CORPORATE NAME | |
| Corporate name or jurisdiction name as entry element | Du Pont de Nemours (E.I.) and Company, Wilmington, Del. |
| Linkage | A31543.1 |
| 245 10 - TITLE STATEMENT | |
| Title | Blasters' handbook : |
| Remainder of title | a manual describing explosives and practical methods of use. |
| 250 ## - EDITION STATEMENT | |
| Edition statement | [15th ed.]. |
| 260 ## - PUBLICATION, DISTRIBUTION, ETC. | |
| Place of publication, distribution, etc. | Wilmington, DE, |
| Date of publication, distribution, etc. | [c1969] |
| 949 ## - LOCAL PROCESSING INFORMATION (OCLC) | |
| a | TN279 |
| w | lcc |
| i | -95412 |
| m | MAIN |
| t | BOOK |
| l | ON-SHELF |
| 949 ## - LOCAL PROCESSING INFORMATION (OCLC) | |
| a | TN279 |
| w | lcc |
| i | -95413 |
| m | MAIN |
| t | BOOK |
| l | ON-SHELF |
| 949 ## - LOCAL PROCESSING INFORMATION (OCLC) | |
| a | TN279 |
| w | lcc |
| i | -95414 |
| m | MAIN |
| t | BOOK |
| l | ON-SHELF |
No items available.